Tiempos, espacios y lugares sobre la discapacidad : (Registro nro. 215056)

Detalles MARC
000 -CABECERA
campo de control de longitud fija 01839nam a2200241 a 4500
003 - IDENTIFICADOR DEL NÚMERO DE CONTROL
campo de control MX-MxUPN
005 - FECHA Y HORA DE LA ÚLTIMA TRANSACCIÓN
campo de control 20260508155526.0
007 - CAMPO FIJO DE DESCRIPCIÓN FÍSICA--INFORMACIÓN GENERAL
campo de control de longitud fija cr |||aaaaaaa|
008 - ELEMENTOS DE LONGITUD FIJA--INFORMACIÓN GENERAL
campo de control de longitud fija 260508s2020 mx|o||||o ||| 000 0 spa d
040 ## - FUENTE DE LA CATALOGACIÓN
Centro catalogador/agencia de origen MX-MxUPN
Lengua de catalogación spa
Normas de descripción aacr2
041 0# - CÓDIGO DE IDIOMA
Código de lengua del texto/banda sonora o título independiente spa
245 10 - MENCIÓN DE TÍTULO
Título Tiempos, espacios y lugares sobre la discapacidad :
Resto del título ensayos, testimonios e investigaciones
Medio [recurso electrónico en línea]
250 ## - MENCIÓN DE EDICIÓN
Mención de edición Primera edición
260 ## - PUBLICACIÓN, DISTRIBUCIÓN, ETC.
Lugar de publicación, distribución, etc. Cuernavaca, Morelos, México :
Nombre del editor, distribuidor, etc. Universidad Autónoma del Estado de Morelos,
Fecha de publicación, distribución, etc. 2020.
300 ## - DESCRIPCIÓN FÍSICA
Extensión 1 recurso en línea (213 páginas)
Otras características físicas fotografías, PDF
505 ## - NOTA DE CONTENIDO CON FORMATO PREESTABLECIDO
Título La cultura de la discapacidad: La conformación de un proyecto democrático /
Mención de responsabilidad Gustavo Adolfo Enríquez Gutiérrez.--
Título Corporeidad, lengua y educación. El caso de las comunidades sordas /
Mención de responsabilidad Johan Cristian Cruz-Cruz.--
Título El joven con condición de autismo ante la educación superior y la elección profesional /
Mención de responsabilidad Eréndira Cuevas Arellano y María Elena Anguiano Suárez.--
Título Los fallos de la Corte en dos temas sobre discapacidad: la Ley de Autismo y la educación especial en la Ley General de Educación /
Mención de responsabilidad Israel Tonatiuh Lay Arellano.--
Título De la integración a la inclusión educativa: Tiempos de transición en educación especial /
Mención de responsabilidad Marisol Arroyo Cruz.--
Título La infancia con discapacidad, de la subvaloración de sus cuerpos a otro modo de ser /
Mención de responsabilidad Cecilia Martínez Díaz.--
Título Reflexiones sobre la accesibilidad y la inclusión educativa y cultural de las personas con discapacidad en Los Altos de Jalisco /
Mención de responsabilidad Casimiro Arellano Cruz.--
506 0# - NOTA DE RESTRICCIONES AL ACCESO
Limitaciones de acceso Acceso abierto
700 1# - ASIENTO SECUNDARIO--NOMBRE DE PERSONAL
Nombre de persona Enríquez Gutiérrez, Gustavo Adolfo
9 (RLIN) 54437
Término indicativo de función/relación coordinación
700 1# - ASIENTO SECUNDARIO--NOMBRE DE PERSONAL
Nombre de persona Lay Arellano, Israel Tonatiuh
9 (RLIN) 59476
Término indicativo de función/relación coordinación
700 1# - ASIENTO SECUNDARIO--NOMBRE DE PERSONAL
Nombre de persona Pérez Álvarez, Luis
9 (RLIN) 48983
Término indicativo de función/relación coordinación
902 ## - ELEMENTOS DE DATOS B LOCAL, LDB (RLIN)
Creó JohanaAllegre/080526
942 ## - ELEMENTOS DE PUNTO DE ACCESO ADICIONAL (KOHA)
Fuente del sistema de clasificación o colocación Library of Congress Classification
Tipo de ítem Koha Libro Electrónico
Existencias
Estado de retiro Estado de pérdida Fuente del sistema de clasificación o colocación Estado dañado No para préstamo Código de colección Localización permanente Ubicación/localización actual Ubicación en estantería Fecha de adquisición Total de préstamos Fecha visto por última vez Identificador Uniforme del Recurso Precio válido a partir de Tipo de ítem Koha
    Library of Congress Classification     Acceso abierto Bib. Gregorio Torres Quintero Bib. Gregorio Torres Quintero En línea 08/05/2026   08/05/2026 http://riaa.uaem.mx/handle/20.500.12055/1347 08/05/2026 Libro Electrónico